00876nam a22001937a 4500003000900000008004100009020001800050040007100068082001800139100002800157110010900185245011200294260003000406300004000436505014800476650001900624650002200643650001700665AR-CdUCM190530b ||||| |||| 00| 0 spa d a84-00-03694-8 aMUNICIPALIDAD PROVINCIAL DEL CUSCOcBIBLIOTECA MUNICIPAL DEL CUSCO a985.03 /bM79 aMoreno Cebrian, Alfredo aConsejo Superior de Investigaciones Científicas (España)-Instituto G. Fernández de Oviedo (Madrid) aEl corregidor de indios y la economía peruana del siglo XVIII :b los repartos forzosos de mercancías / aMadrid :bBenzal, c1977. a801 páginas ;bDiagramas,c25 cm. aContenido: Aproximación al estudio del corregidor de indios peruano -- La remuneración de los corregidores -- El reparto de mercancías... aCorregimientos aConsejo de indias aLOS casiques